000 00775nam a2200193 a 4500
003 0
005 20250206105809.0
008 130817s19uu xx 00 eng d
050 _aPHS BF 531
_b.C165 2013
100 _aCalpo, Gabrielle Isabella Trajano
245 _aThe relationship between emotional maturity and communication skills /
_cGabrielle Isabella Trajano Calpo.
260 _aLas PiƱas City, Philippines :
_bSouthville International School and Colleges,
_c2013.
300 _a52 pages :
_billustrations ;
_c28 cm.
504 _aIncludes bibliographical references.
650 _aEmotional maturity
_vPsychological aspects.
650 _aInterpersonal communication
_vPsychological aspects.
650 _aCommunication skills
_vSocial aspects.
942 _2lcc
_cPASS
999 _c98935
_d98935